000 00682nam a2200289Ia 4500
005 20260324140141.0
008 008 260324s9999 xx 000 0 eng d
020 _a9780203983546
037 _aEBOOK
040 _aCRL
040 _beng
040 _cCRL
041 _2eng
041 _aeng
084 _qCRL
100 _aJohn Allen; Doreen Massey; Michael Pryke
_91203319
245 0 _aUnsettling Cities
245 0 _bMovement/Settlement
260 _bTaylor and Francis
260 _c1999
365 _a
365 _b300
856 _uhttp://www.taylorfrancis.com/books/9780203983546
942 _cEBOOK
999 _c1805072
_d1805072